Indignación: causales socioeconómicas

محفوظ في:
التفاصيل البيبلوغرافية
المؤلف الرئيسي: Fazio Rigazzi, Hugo (مؤلف)
التنسيق: كتاب
اللغة:الإسبانية
منشور في: Santiago LOM 2012
الطبعة:1a. ed
سلاسل:Economia. Ciencias Humanas
الموضوعات:
الوسوم: إضافة وسم
لا توجد وسوم, كن أول من يضع وسما على هذه التسجيلة!

MARC

LEADER 00000cam a2200000 a 4500
001 UCF2782
003 CL-VaPUC
008 120910e20120000CL |||||||||||||||||spa|d
020 |a 9789560003362 
082 0 4 |a 303.3  |b FAZ  |2 21 
100 0 |a Fazio Rigazzi, Hugo  |e author  |9 564588 
245 1 0 |a Indignación: causales socioeconómicas 
250 |a 1a. ed 
300 |a 262 p 
942 |c BK 
945 |d 20120910 00:00:00  |a dcastane 
260 |a Santiago  |b LOM  |c 2012 
650 0 |a Cambio social   |9 256857 
650 0 |a Economía   |9 255568 
650 0 |a Problemas sociales  |9 258537 
650 7 |a PODER ECONOMICO  |2 CL-VaPUC  |9 338221 
650 0 |a Política y gobierno  |9 255151 
583 |a last modification  |c 20120910 11:39:00  |k Rodrigo Vera 
490 0 |a Economia. Ciencias Humanas 
999 |c 349321  |d 349319 
952 |0 0  |1 0  |4 0  |6 303_300000000000000_FAZ_2012  |7 0  |8 A  |9 451897  |a BIBHIS  |b BIBHIS  |d 2019-11-22  |i 4884892  |o 303.3 FAZ 2012  |p 4884892  |r 2025-01-20  |w 2019-11-22  |y BK  |k HIS